Diesel mechanics / (Record no. 58576)

MARC details
000 -LEADER
fixed length control field 01012nam a22002897a 4500
005 - DATE AND TIME OF LATEST TRANSACTION
control field 20111121154651.0
008 - FIXED-LENGTH DATA ELEMENTS--GENERAL INFORMATION
fixed length control field 111121t xxu||||| |||| 00| 0 eng d
010 ## - LCCN (DPL NO)
LC control number ENG-104158
020 ## - INTERNATIONAL STANDARD BOOK NUMBER
International Standard Book Number 9780071321198
Terms of availability 550.00
020 ## - INTERNATIONAL STANDARD BOOK NUMBER
International Standard Book Number 0071321195
Terms of availability 550.00
035 ## - SYSTEM CONTROL NUMBER
System control number EN-87691
037 ## - SOURCE OF ACQUISITION
Source of stock number/acquisition DBAD / PUB
040 ## - CATALOGING SOURCE
Original cataloging agency dpl
Language of cataloging English
082 ## - DEWEY DECIMAL CLASSIFICATION NUMBER
Classification number 621.4360288
100 ## - MAIN ENTRY--PERSONAL NAME
Personal name Schulz, Erich J.
9 (RLIN) 35947
245 ## - TITLE STATEMENT
Title Diesel mechanics /
Statement of responsibility, etc by Erich J. Schulz [and] Ben L. Evridge
250 ## - EDITION STATEMENT
Edition statement 4th ed
260 ## - PUBLICATION, DISTRIBUTION, ETC. (IMPRINT)
Place of publication, distribution, etc New Delhi
Name of publisher, distributor, etc Tata McGraw-Hill
Date of publication, distribution, etc 2011
270 ## - ADDRESS
Address 7 West Patel Nagar
City New Delhi
Postal code 110008
300 ## - PHYSICAL DESCRIPTION
Extent viii,608p. :
Dimensions 28cm (pbk)
Other physical details ill.
500 ## - GENERAL NOTE
General note Includes index
650 ## - SUBJECT ADDED ENTRY--TOPICAL TERM
9 (RLIN) 35949
Topical term or geographic name as entry element Diesel motor
General subdivision Maintenance and repair.
651 ## - SUBJECT ADDED ENTRY--GEOGRAPHIC NAME
9 (RLIN) 35950
700 ## - ADDED ENTRY--PERSONAL NAME
9 (RLIN) 35964
Personal name Evridge, Ben L.
942 ## - ADDED ENTRY ELEMENTS (KOHA)
Source of classification or shelving scheme Dewey Decimal Classification
Item type English Books
Call number suffix SCH
Classification part 621.4360288
Holdings
Withdrawn status Lost status Source of classification or shelving scheme Damaged status Not for loan Collection code Home library Current library Date acquired Source of acquisition Cost, normal purchase price Total Checkouts Full call number Barcode Date last seen Copy number Cost, replacement price Koha item type
    Dewey Decimal Classification   Not For Loan Non-fiction D.B.Act.Division D.B.Act.Division 21/11/2011 DBAD/PUB 550.00   621.4360288 SCH EN-87691 21/11/2011 1 550.00 English Books

© Delhi Public Library
Hit Counter
free hit counter